La fruticultura bajo la lupa : análisis estratégico y control de gestión /
Guardado en:
| Autor Principal: | |
|---|---|
| Otros Autores: | , |
| Formato: | Libro |
| Idioma: | Spanish |
| Publicado: |
Buenos Aires :
Osmar D. Buyatti,
c2009.
|
| Materias: | |
| Etiquetas: |
Agregar Etiqueta
Sin Etiquetas, Sea el primero en etiquetar este registro!
|
| LEADER | 00812nam a22002295a 4500 | ||
|---|---|---|---|
| 001 | EEA.libagro009588 | ||
| 005 | 20160922093127.0 | ||
| 008 | 100224s2009####ag#a#####b####000#0#spa#d | ||
| 020 | |a 9789871577156 | ||
| 082 | 0 | 4 | |a 338.174 |
| 100 | 1 | |a Durán, Regina. | |
| 245 | 1 | 3 | |a La fruticultura bajo la lupa : |b análisis estratégico y control de gestión / |c Regina Durán, Gabriela Pesce, Liliana Scoponi. |
| 260 | |a Buenos Aires : |b Osmar D. Buyatti, |c c2009. | ||
| 300 | |a 203 p. : |b il. ; |c 23 cm. | ||
| 504 | |a Incluye referencias bibliográficas. | ||
| 650 | 7 | |a Cultivos frutícolas. |2 unbist | |
| 650 | 7 | |a Peras. |2 unbist | |
| 650 | 7 | |a Manzanas. |2 unbist | |
| 650 | 7 | |a Agricultura sostenible. |2 unbist | |
| 700 | 1 | |a Pesce, Gabriela. | |
| 700 | 1 | |a Scoponi, Liliana. | |
| 859 | |a AR-BbBCA |b BIB. AGRONOMIA |h 338.174 |i D948 |p 2010/5726 | ||
